[Event "LSS WC-2013-P-00015"]
[Site "LSS email"]
[Date "2009.02.14"]
[Round "?"]
[White "De Jesus, Gerard"]
[Black "Koziol, Pawel"]
[Result "1-0"]
[WhiteElo "2175"]
[BlackElo "1438"]
[PlyCount "37"]
[EventDate "2009.02.18"]
[EventType "tourn (corr)"]
[EventRounds "6"]
[EventCountry "GER"]
[SourceTitle "Corr 2011"]
[Source "ChessBase"]
[SourceDate "2010.08.31"]
[SourceVersion "1"]
[SourceVersionDate "2010.08.31"]
[SourceQuality "1"]

1. e4 Nc6 2. d4 d5 3. e5 Bf5 4. c3 Qd7 5. Nd2 f6 6. f4 g5 7. Ngf3 gxf4 8. Nb3 e6 9. Bb5 a6 10. Bxc6 Qxc6 11. Bxf4 0-0-0 12. 0-0 Bg7 13. Nc5 Ne7 14. exf6 Bxf6 15. Be5 Rdf8 16. Bxf6 Rxf6 17. Ne5 Qb5 18. b4 Rhf8 19. Ncd7 1-0

[Event "LSS WC-2011-S-00008"]
[Site "LSS email"]
[Date "2008.10.23"]
[Round "?"]
[White "De Jesus, Gerard"]
[Black "Bocanegra Moreno, Rufino"]
[Result "1/2-1/2"]
[WhiteElo "2153"]
[BlackElo "2221"]
[PlyCount "107"]
[EventDate "2008.10.23"]
[EventType "tourn (corr)"]
[EventRounds "10"]
[EventCountry "GER"]
[SourceTitle "Corr 2011"]
[Source "ChessBase"]
[SourceDate "2010.08.31"]
[SourceVersion "1"]
[SourceVersionDate "2010.08.31"]
[SourceQuality "1"]

1. e4 d6 2. d4 Nf6 3. Nc3 Nbd7 4. Nf3 e5 5. Bc4 Be7 6. 0-0 0-0 7. a4 c6 8. h3 Nxe4 9. Nxe4 d5 10. Ng3 dxc4 11. dxe5 Nc5 12. Be3 Qc7 13. Qe2 Be6 14. Nd4 Qxe5 15. f4 Qc7 16. Nxe6 Nxe6 17. Qxc4 Rfd8 18. Ne4 h6 19. Rae1 Rd5 20. f5 Ng5 21. Bxg5 Bxg5 22. f6 Qb6+ 23. Kh1 Qxb2 24. Nxg5 hxg5 25. fxg7 Qd4 26. Qb3 b6 27. Re7 Qxg7 28. a5 Rad8 29. axb6 axb6 30. c4 Rd3 31. Qxb6 g4 32. Rexf7 Qh6 33. Kg1 gxh3 34. R7f6 Qe3+ 35. Qxe3 Rxe3 36. gxh3 Rd2 37. R1f2 Rxf2 38. Kxf2 Rxh3 39. Rxc6 Kf7 40. Ke2 Ke7 41. Kd2 Kd7 42. Ra6 Kc7 43. Re6 Rg3 44. Re3 Rxe3 45. Kxe3 Kc6 46. Kd3 Kc5 47. Kc3 Kb6 48. Kb4 Kc6 49. c5 Kb7 50. Kb5 Kc7 51. c6 Kc8 52. Kb6 Kb8 53. c7+ Kc8 54. Kc6 1/2-1/2

[Event "LSS WC-2011-S-00008"]
[Site "LSS email"]
[Date "2008.10.23"]
[Round "?"]
[White "De Jesus, Gerard"]
[Black "Boettcher, Fred"]
[Result "1-0"]
[WhiteElo "2153"]
[BlackElo "2237"]
[PlyCount "105"]
[EventDate "2008.10.23"]
[EventType "tourn (corr)"]
[EventRounds "10"]
[EventCountry "GER"]
[SourceTitle "Corr 2011"]
[Source "ChessBase"]
[SourceDate "2010.08.31"]
[SourceVersion "1"]
[SourceVersionDate "2010.08.31"]
[SourceQuality "1"]

1. e4 e5 2. Nf3 Nc6 3. Bb5 a6 4. Ba4 Nf6 5. 0-0 Nxe4 6. d4 b5 7. Bb3 d5 8. dxe5 Be6 9. Nbd2 Nc5 10. c3 Bg4 11. Bc2 Be7 12. Re1 Qd7 13. h3 Bh5 14. Nb3 Ne6 15. Bf5 Ncd8 16. a4 bxa4 17. Na5 Rb8 18. Qxa4 Qxa4 19. Rxa4 Bg6 20. Bxg6 hxg6 21. Rd1 c6 22. c4 Nc7 23. Nxc6 Nxc6 24. cxd5 Rd8 25. Rc4 Nxe5 26. Nxe5 Nxd5 27. Nc6 Rd6 28. Re1 Rh5 29. Bd2 Re6 30. Rxe6 fxe6 31. Nxe7 Kxe7 32. Rc6 Kf6 33. Rxa6 Rh4 34. Kf1 Rc4 35. Ra2 Rc2 36. Ke1 g5 37. Kd1 Rc4 38. Ke2 g4 39. Kd3 Rb4 40. Ra5 Rb3+ 41. Kc2 Rb8 42. hxg4 Rh8 43. Ra1 Ke5 44. Re1+ Kd6 45. b4 Rh2 46. Rg1 Kc6 47. Kd3 Kb5 48. Ke4 Rh8 49. Ke5 Rd8 50. f3 Nc7 51. Rc1 Rd5+ 52. Ke4 Na6 53. Be1 1-0

[Event "LSS WC-2011-S-00008"]
[Site "LSS email"]
[Date "2008.10.23"]
[Round "?"]
[White "De Jesus, Gerard"]
[Black "Gyimesi, Jenoe"]
[Result "1-0"]
[WhiteElo "2179"]
[BlackElo "2072"]
[PlyCount "103"]
[EventDate "2008.10.23"]
[EventType "tourn (corr)"]
[EventRounds "10"]
[EventCountry "GER"]
[SourceTitle "Corr 2011"]
[Source "ChessBase"]
[SourceDate "2010.08.31"]
[SourceVersion "1"]
[SourceVersionDate "2010.08.31"]
[SourceQuality "1"]

1. e4 e5 2. Nf3 Nc6 3. Bb5 a6 4. Ba4 Nf6 5. 0-0 d6 6. Re1 Be7 7. c3 0-0 8. h3 b5 9. Bb3 Na5 10. Bc2 c5 11. d4 Qc7 12. Nbd2 cxd4 13. cxd4 Bd7 14. Nf1 Rac8 15. Ne3 Nc6 16. Bb3 exd4 17. Nxd4 Rfe8 18. Ndf5 Bf8 19. Ng4 Nxe4 20. Nfh6+ gxh6 21. Rxe4 Rxe4 22. Nf6+ Kh8 23. Nxe4 Bf5 24. Ng3 Bg6 25. h4 Ne5 26. Be3 h5 27. Nxh5 Qd8 28. g3 Kg8 29. Bd4 Qe7 30. Bd5 Bf5 31. Qb3 Bh6 32. a4 Bc2 33. Qb4 Bg6 34. axb5 a5 35. Qb3 Bxh5 36. b6 Nd7 37. b7 Rf8 38. Qc3 Qe2 39. Qxa5 Bg7 40. Re1 Qg4 41. Bxg7 Kxg7 42. Qc3+ Kg8 43. Qc7 Nb8 44. Qxd6 Kg7 45. Qe5+ Kg8 46. f3 Qb4 47. Rc1 Bg6 48. h5 Nd7 49. Qg5 Kg7 50. h6+ Kg8 51. Rc8 Qe1+ 52. Kh2 1-0

[Event "LSS WC-2011-P-00011"]
[Site "LSS email"]
[Date "2007.04.04"]
[Round "?"]
[White "De Jesus, Gerard"]
[Black "Gazen, Louis"]
[Result "1/2-1/2"]
[WhiteElo "2136"]
[BlackElo "2087"]
[PlyCount "122"]
[EventDate "2007.04.04"]
[EventType "tourn (corr)"]
[EventRounds "6"]
[EventCountry "GER"]
[SourceTitle "Corr 2024"]
[Source "ChessBase"]
[SourceDate "2023.10.19"]
[SourceVersion "1"]
[SourceVersionDate "2023.10.19"]
[SourceQuality "1"]

1. e4 c6 2. d4 d5 3. Nc3 dxe4 4. Nxe4 Bf5 5. Ng3 Bg6 6. Nf3 Nf6 7. h4 h6 8. Ne5 Bh7 9. Bc4 e6 10. Qe2 Nd5 11. Bb3 Bb4+ 12. Kf1 Nd7 13. Nh5 Bf8 14. Bxd5 cxd5 15. Rh3 Rc8 16. Nxd7 Kxd7 17. Qb5+ Ke7 18. Qb4+ Qd6 19. Qxb7+ Rc7 20. Qb8 Bg6 21. Bf4 Qa6+ 22. Kg1 Rc8 23. Ra3 Rxb8 24. Rxa6 Rb7 25. Ng3 Bxc2 26. Rc1 Bd3 27. Rac6 Bc4 28. Rc8 g5 29. hxg5 hxg5 30. Bxg5+ f6 31. Bf4 Kd7 32. Ra8 Bg7 33. Rxh8 Bxh8 34. b3 Bd3 35. f3 a5 36. Kf2 a4 37. Rh1 Bg7 38. Nh5 Bh8 39. Ng3 Bg7 40. Nh5 Bh8 41. bxa4 e5 42. Bc1 Rc7 43. Ke3 Bg6 44. Ke2 Rc4 45. dxe5 fxe5 46. Bd2 Rxa4 47. Nf4 exf4 48. Rxh8 Rxa2 49. Rh4 Ke6 50. Rxf4 Ke5 51. Rb4 Bf7 52. Rb7 Be6 53. Rc7 Ra4 54. Rc5 Ra2 55. g4 Bd7 56. Kd3 Ra3+ 57. Bc3+ Kf4 58. Rxd5 Bxg4 59. fxg4 Kxg4 60. Rd6 Kf5 61. Rf6+ Kg5 1/2-1/2

[Event "CFriend SI-2004-0-00037 email"]
[Site "Chessfriend.com"]
[Date "2005.08.18"]
[Round "1"]
[White "De Jesus, Gerard"]
[Black "Lahdenmaeki, Leo"]
[Result "1-0"]
[WhiteElo "1700"]
[BlackElo "1967"]
[PlyCount "115"]
[EventDate "2005.08.18"]
[EventType "tourn (corr)"]
[EventRounds "6"]
[SourceTitle "Corr 2008"]
[Source "ChessBase"]
[SourceDate "2008.06.24"]
[SourceVersion "1"]
[SourceVersionDate "2008.06.24"]
[SourceQuality "1"]

1. e4 c5 2. Nc3 a6 3. g3 b5 4. Bg2 Bb7 5. f4 e6 6. d3 d5 7. e5 Nc6 8. Nf3 Nge7 9. 0-0 Nf5 10. Ne2 h5 11. h3 Qc7 12. Bd2 Ncd4 13. Nexd4 cxd4 14. Kh2 Be7 15. Rc1 Qb6 16. Qe1 b4 17. h4 a5 18. Bh3 Bc5 19. Bxf5 exf5 20. Qf2 0-0 21. Qg1 a4 22. Be1 a3 23. b3 Rac8 24. Bf2 Qg6 25. Bxd4 Be7 26. c3 bxc3 27. Bxc3 Ba6 28. Qe3 Bc5 29. Bd4 Bb4 30. Rxc8 Rxc8 31. Rc1 Rxc1 32. Qxc1 Qg4 33. Qe3 Be7 34. e6 Qg6 35. Qe5 Bc8 36. b4 Qf6 37. exf7+ Qxf7 38. b5 Bf6 39. Qb8 Qe6 40. Kh3 Be7 41. Qa8 Qd7 42. Ne5 Qb7 43. Qxb7 Bxb7 44. Nc6 Bd6 45. Na5 Bc8 46. b6 Ba6 47. b7 Bb8 48. Be5 Ba7 49. Nc6 Bxb7 50. Nxa7 Ba6 51. Nc6 Bxd3 52. Ne7+ Kf7 53. Nxd5 g6 54. Nc3 Ke6 55. Kg2 Kd7 56. Kf2 Ba6 57. Ke3 Bc8 58. Kd4 1-0

[Event "CFriend SI-2004-0-00037 email"]
[Site "Chessfriend.com"]
[Date "2005.08.18"]
[Round "1"]
[White "De Jesus, Gerard"]
[Black "Newton, Hobart E"]
[Result "1-0"]
[WhiteElo "1700"]
[BlackElo "1809"]
[PlyCount "31"]
[EventDate "2005.08.18"]
[EventType "tourn (corr)"]
[EventRounds "6"]
[SourceTitle "Corr 2008"]
[Source "ChessBase"]
[SourceDate "2008.06.24"]
[SourceVersion "1"]
[SourceVersionDate "2008.06.24"]
[SourceQuality "1"]

1. e4 d5 2. exd5 Nf6 3. d4 Nxd5 4. Nf3 g6 5. c4 Nb6 6. Nc3 Bg7 7. c5 Nd5 8. Bc4 Nxc3 9. bxc3 Nc6 10. 0-0 0-0 11. Re1 Na5 12. Bd3 b6 13. Ba3 Re8 14. Ne5 Bb7 15. Bb5 Nc6 16. Bxc6 1-0